header

Reminiscences (Record no. 161811)

MARC details
000 -LEADER
fixed length control field 01362nam a2200313Ia 4500
100 1# - MAIN ENTRY--AUTHOR NAME
Personal name Melissinos, Adrian C.
245 10 - TITLE STATEMENT
Title Reminiscences
260 ## - PUBLICATION, DISTRIBUTION, ETC. (IMPRINT)
Place of publication Hackensack, NJ :
Name of publisher World Scientific,
Year of publication 2013.
300 ## - PHYSICAL DESCRIPTION
Number of Pages ix, 202 p. :
Other physical details ill.
650 #0 - SUBJECT ADDED ENTRY--TOPICAL TERM
Topical Term Nuclear physicists
Topical Term Particles (Nuclear physics)
856 40 - ELECTRONIC LOCATION AND ACCESS
Uniform Resource Identifier http://site.ebrary.com/lib/rucke/Doc?id=10640586

No items available.

© 2026 Rongo University
Contact us: librarian | system librarian | Rongo university